History Quiz

Random History or Country Quiz
Score 0/110 Timer 03:00
0 Plays Today
Year Country % Correct
1960USA
99.9%
1965USA
99.9%
1970USA
99.9%
1975USA
99.9%
1980USA
99.9%
1985USA
99.9%
1990USA
99.9%
1995USA
99.9%
2000USA
99.9%
2005USA
99.9%
2010USA
99.9%
1960China
99.1%
1965China
99.1%
1970China
99.1%
1975China
99.1%
1985China
99.1%
1995China
99.1%
2000China
99.1%
2005China
99.1%
2010China
99.1%
1990Germany
97.8%
1995Germany
97.8%
2000Germany
97.8%
2005Germany
97.8%
2010Germany
97.8%
1960France
97.7%
1965France
97.7%
1970France
97.7%
1975France
97.7%
1980France
97.7%
1985France
97.7%
1990France
97.7%
1995France
97.7%
2000France
97.7%
2005France
97.7%
2010France
97.7%
1960Japan
97.2%
Year Country % Correct
1965Japan
97.2%
1970Japan
97.2%
1975Japan
97.2%
1980Japan
97.2%
1985Japan
97.2%
1990Japan
97.2%
1995Japan
97.2%
2000Japan
97.2%
2005Japan
97.2%
2010Japan
97.2%
1960UK
96.5%
1965UK
96.5%
1970UK
96.5%
1975UK
96.5%
1980UK
96.5%
1985UK
96.5%
1990UK
96.5%
1995UK
96.5%
2000UK
96.5%
2005UK
96.5%
2010UK
96.5%
2010Russia
95.1%
1960Brazil
92.8%
1970Brazil
92.8%
1975Brazil
92.8%
1980Brazil
92.8%
1985Brazil
92.8%
1990Brazil
92.8%
1995Brazil
92.8%
2000Brazil
92.8%
2005Brazil
92.8%
2010Brazil
92.8%
1960Canada
92.7%
1965Canada
92.7%
1970Canada
92.7%
1975Canada
92.7%
1980Canada
92.7%
Year Country % Correct
1985Canada
92.7%
1990Canada
92.7%
1995Canada
92.7%
2000Canada
92.7%
2005Canada
92.7%
1960Italy
92.3%
1965Italy
92.3%
1970Italy
92.3%
1975Italy
92.3%
1980Italy
92.3%
1985Italy
92.3%
1990Italy
92.3%
1995Italy
92.3%
2000Italy
92.3%
2005Italy
92.3%
2010Italy
92.3%
1975Spain
91.4%
1980Spain
91.4%
1990Spain
91.4%
1995Spain
91.4%
2005Spain
91.4%
2010Spain
91.4%
1960India
89.5%
1965India
89.5%
1970India
89.5%
1985India
89.5%
1980Mexico
89.3%
2000Mexico
89.3%
1965Australia
81.1%
1965Argentina
72.3%
1990USSR
63.7%
1960Sweden
57.6%
1970West Germany
37.6%
1975West Germany
37.6%
1980West Germany
37.6%
1985West Germany
37.6%
Remove Ads.
Support Sporcle.
Get the best of Sporcle when you Go Orange. This ad-free experience offers more features, more stats, and more fun while also helping to support Sporcle. Thank you for becoming a member.

You're not logged in!

Compare scores with friends on all Sporcle quizzes.
OR
Log In

Show Comments

Extras

Top Quizzes Today


Score Distribution

Your Account Isn't Verified!

In order to create a playlist on Sporcle, you need to verify the email address you used during registration. Go to your Sporcle Settings to finish the process.

Report this User

Report this user for behavior that violates our Community Guidelines.

Details: